Traffic survey of the port of Tuticorin. (Record no. 84127)

MARC details
000 -LEADER
fixed length control field 00625cam a22002171 4500
001 - CONTROL NUMBER
control field sa 68011813
003 - CONTROL NUMBER IDENTIFIER
control field DLC
005 - DATE AND TIME OF LATEST TRANSACTION
control field 20260227112604.0
008 - FIXED-LENGTH DATA ELEMENTS--GENERAL INFORMATION
fixed length control field 711115s1959 ii b 00000 eng
010 ## - LIBRARY OF CONGRESS CONTROL NUMBER
LC control number sa 68011813 //r862
043 ## - GEOGRAPHIC AREA CODE
Geographic area code a-ii---
050 0# - LIBRARY OF CONGRESS CALL NUMBER
Classification number HE560.T83
Item number N3
082 ## - DEWEY DECIMAL CLASSIFICATION NUMBER
Classification number 387.1/0954/82
110 20 - MAIN ENTRY--CORPORATE NAME
Corporate name or jurisdiction name as entry element National Council of Applied Economic Research.
245 10 - TITLE STATEMENT
Title Traffic survey of the port of Tuticorin.
260 1# - PUBLICATION, DISTRIBUTION, ETC.
Place of publication, distribution, etc. New Delhi,
Date of publication, distribution, etc. 1959.
300 ## - PHYSICAL DESCRIPTION
Extent vii, 83 p.
Other physical details maps. (part fold.)
Dimensions 27 cm.
350 ## - PRICE (NR) (BK AM CF MU VM SE) [OBSOLETE]
Price 2.50
-- ($0.75)
650 #0 - SUBJECT ADDED ENTRY--TOPICAL TERM
Topical term or geographic name entry element Harbors
Geographic subdivision India
-- Tuticorin.
651 #0 - SUBJECT ADDED ENTRY--GEOGRAPHIC NAME
Geographic name Tamil Nadu (India)
General subdivision Commerce.

No items available.

Powered by Koha